000
00361nam a2200169Ia 4500
003
0100
008
130307s9999 xx 000 0 und d
040
_c
ARRUPELIB
050
_a
JC153.L79 1947
100
_a
Locke, John
245
_a
On politics and education
260
_a
NY
260
_b
Classics Club
260
_c
1947
300
_a
412p
942
0
0
_0
4
999
_c
82533
_d
82533